Statistiques concernant 10 pays les plus pollueurs

Cliquez ici pour prendre le quiz!

Statistiques générales

  • Ce quiz a été pris 158 fois
  • Le résultat moyen est 8 sur 10

Statistiques - réponses

Emissions de CO2 (milliards de tonnes)Réponse% Correct
10,33Chine
99%
2,07Inde
97%
5,30Etats-Unis
95%
1,80Russie
95%
1,36Japon
91%
0,84Allemagne
83%
0,55Canada
80%
0,51Indonésie
77%
0,63Corée du Sud
67%
0,49Arabie saoudite
50%

Distribution des résultats

Percentile par nombre de réponses

% des personnes avec chaque résultat

Votre développement - résultats

Vous n’avez pas pris ce quiz